Southville International School and Colleges
Your cart is empty.
  • Cart
  • Lists
    Public lists Eva Luna New books Lux_list list_1
    Your lists Log in to create your own lists
  • Log in to your account
  • Your cookies
  • Search history
Southville International School and Colleges
  • Advanced search
  • Recent comments
  • Most popular
  • Libraries

Log in to your account

Log in with GOOGLE


If you do not have an external account, but do have a local account, you can still log in:

  1. Home
  2. MARC view: Logistics and transportation security
Normal view MARC view ISBD view

Logistics and transportation security (Record no. 292835)

[ view plain ]
MARC details
000 -LEADER
fixed length control field 00881cam a22002775a 4500
001 - CONTROL NUMBER
control field 18993280
003 - CONTROL NUMBER IDENTIFIER
control field PILC
005 - DATE AND TIME OF LATEST TRANSACTION
control field 20160322121203.0
008 - FIXED-LENGTH DATA ELEMENTS--GENERAL INFORMATION
fixed length control field 160227s2015 xx 000 0 eng
010 ## - LIBRARY OF CONGRESS CONTROL NUMBER
LC control number 2015510956
020 ## - INTERNATIONAL STANDARD BOOK NUMBER
International Standard Book Number 9781482253078
020 ## - INTERNATIONAL STANDARD BOOK NUMBER
International Standard Book Number 1482253070
040 ## - CATALOGING SOURCE
Original cataloging agency DLC
Transcribing agency DLC
042 ## - AUTHENTICATION CODE
Authentication code pcc
050 ## - LIBRARY OF CONGRESS CALL NUMBER
Classification number HE 194
Item number .B967 2016
100 ## - MAIN ENTRY--PERSONAL NAME
Personal name Burns, Maria G.
245 00 - TITLE STATEMENT
Title Logistics and transportation security
Remainder of title A strategic, tactical, and operational guide to resilience /
260 ## - PUBLICATION, DISTRIBUTION, ETC. (IMPRINT)
Name of publisher, distributor, etc CRC Press,
Date of publication, distribution, etc 2016.
Place of publication, distribution, etc Forida :
300 ## - PHYSICAL DESCRIPTION
Extent xxxvii, 380 pages :
Other physical details illustrations ;
Dimensions 26 cm.
500 ## - GENERAL NOTE
General note Includes bibliographical references and index.
650 #0 - SUBJECT ADDED ENTRY--TOPICAL TERM
Topical term or geographic name as entry element Transportation
General subdivision Security measures.
650 #0 - SUBJECT ADDED ENTRY--TOPICAL TERM
Topical term or geographic name as entry element Logistics
General subdivision Security measures.
906 ## - LOCAL DATA ELEMENT F, LDF (RLIN)
a 0
b ibc
c origres
d 2
e ncip
f 20
g y-gencatlg
942 ## - ADDED ENTRY ELEMENTS (KOHA)
Source of classification or shelving scheme Library of Congress Classification
Koha item type Books
Holdings
Withdrawn status Lost status Source of classification or shelving scheme Damaged status Home library Current library Shelving location Date acquired Source of acquisition Cost, normal purchase price Sub Shelving location Total Checkouts Full call number Barcode Date last seen Price effective from Koha item type
    Library of Congress Classification   College Library College Library Reserve Section 03/22/2016 Library Fund 6119.00     HE 194 .B967 2016 C20503 03/22/2016 03/22/2016 Books

Logistics and transportation security

APA

Burns M. G., . (2016). Logistics and transportation security. Forida: CRC Press.

Chicago

Burns Maria G, . 2016. Logistics and transportation security. Forida: CRC Press.

Harvard

Burns M. G., . (2016). Logistics and transportation security. Forida: CRC Press.

MLA

Burns Maria G, . Logistics and transportation security. Forida: CRC Press. 2016.

  • Place hold
  • Print
  • Cite
  • Add to your cart (remove)
  • Save record
    BIBTEX Dublin Core MARCXML MARC (non-Unicode/MARC-8) MARC (Unicode/UTF-8) MARC (Unicode/UTF-8, Standard) MODS (XML) RIS
  • More searches
    Search for this title in:
    Other Libraries (WorldCat) Other Databases (Google Scholar) Online Stores (Bookfinder.com) Open Library (openlibrary.org)

Exporting to Dublin Core...

SOUTHVILLE LIBRARY

Southville International School and Colleges Library

1281 Tropical Ave. Cor. Luxembourg St., BF Homes International, Las Pinas City

Tel. No. 8256374 / 252358 Loc. 117/146

Powered by Koha